Trailer Park Boys Cast - Statistics

General Stats
  • This quiz has been taken 6 times
  • The average score is 5 of 10
Answer Stats
Character Answer % Correct
Bubbles Mike Smith
100%
Jim Lahey John Dunsworth
75%
Julian John Paul Tremblay
75%
Ricky Rob Wells
75%
Randy Pat Roach
50%
Cory Cory Bowles
25%
J Roc Jonathan Torrens
25%
Lucy Lucy Decoutere
25%
Trinity Jeanna Harrison
0%
Barb Lahey Shelley Thompson
0%
No matching quizzes found
Score Distribution
Percent of People with Each Score
Percentile by Number Answered
Your Score History
You have not taken this quiz